Teoría e Historia: una interpretación de la evolución social y económica

Gorde:
Xehetasun bibliografikoak
Egile nagusia: Mises, Ludwig von (autor)
Formatua: Liburua
Hizkuntza:gaztelania
Argitaratua: Madrid Unión 2003
Saila:Biblioteca Austríaca
Gaiak:
Etiketak: Etiketa erantsi
Etiketarik gabe, Izan zaitez lehena erregistro honi etiketa jartzen!

MARC

LEADER 00000cam a2200000 a 4500
001 UCG8185
003 CL-VaPUC
008 111124e20030000SP |||||||||||||||||spa|d
020 |a 9788472093904 
082 0 4 |a 330.01  |b VON  |2 21 
100 |a Mises, Ludwig von  |e autor  |9 379498 
245 1 0 |a Teoría e Historia: una interpretación de la evolución social y económica 
300 |a 380 p 
942 |c BK 
945 |d 20111124 00:00:00  |a dcastane 
260 |a Madrid  |b Unión  |c 2003 
650 0 |a Historia de la economía   |9 339571 
650 0 |a Historia de la filosofía  |9 256920 
650 0 |a Crítica e interpretación   |9 255042 
583 |a last modification  |c 20111124 10:35:00  |k Rodrigo Vera 
490 0 |a Biblioteca Austríaca 
999 |c 345814  |d 345812 
952 |0 0  |1 0  |4 0  |6 330_010000000000000_VON_2003  |7 0  |8 A  |9 446096  |a BIBHIS  |b BIBHIS  |d 2019-11-22  |i 4806158  |o 330.01 VON 2003  |p 4806158  |r 2025-01-20  |w 2019-11-22  |y BK  |k HIS